000 nam a22 7a 4500
999 _c24925
_d24925
008 170130b xxu||||| |||| 00| 0 eng d
020 _a978118784549
050 _aQA 152.3 .M33 2013
100 _aMcCallum
245 _aIntermediate algebra/
_cMcCallum ...[et al.].
250 _aCustom ed.
260 _aHoboken, NJ. :
_bJohn Wiley & Sons,
_c2013
300 _axx, 553p. :
_bcol. ill. ;
_c28 cm.
650 _aAlgebra
942 _2lcc
_cBOOKS
_hQA 152.3 .M33 2013